Sociálna kvalita v SR

Neustále problémy v sociálnej oblasti v Európskej únii vyvolali potrebu nového prístupu, ktorý by riešil upevnenie balansu medzi ekonomickým a sociálnym rozvojom. Je ňou koncepcia sociálnej kvality, ktorá sa, po troch rokoch jej vzniku,stala súčasťou Európskej hospodárskej politiky (Amsterdam Declar...

Ausführliche Beschreibung

Gespeichert in:
Bibliographische Detailangaben
1. Verfasser: Antalová, Mária, 1952-
Weitere Verfasser: Chinoracká, Andrea
Format: Buchkapitel
Sprache:Slowakisch
Schlagworte:
Tags: Tag hinzufügen
Keine Tags, Fügen Sie das erste Tag hinzu!

MARC

LEADER 00000naa$a2200000$$$4500
001 0254582
005 20240502103412.9
041 0 |a slo 
044 |a SK 
245 1 0 |a Sociálna kvalita v SR  |c Mária Antalová, Andrea Chinoracká 
520 |a Neustále problémy v sociálnej oblasti v Európskej únii vyvolali potrebu nového prístupu, ktorý by riešil upevnenie balansu medzi ekonomickým a sociálnym rozvojom. Je ňou koncepcia sociálnej kvality, ktorá sa, po troch rokoch jej vzniku,stala súčasťou Európskej hospodárskej politiky (Amsterdam Declaration on the Social Quality, 1997). Svojou podstatou predstavuje novú perspektívu sociálnej, ekonomickej, politickej, ekologickej a kultúrnej dimenzie ľudskej existencie. Oboznámenie odbornej verejnosti s jej koncepciou, vytvorenie vlastného metodologického prístupu k jej kvantifikácii a na jeho základe zhodnotenie úrovne jej implementácie v krajinách V4. 
610 2 0 |a kvalita sociálna 
610 2 0 |a Slovensko 
100 1 |a Antalová, Mária, 1952- 
700 1 |a Chinoracká, Andrea